Visualizzazione normale
Vista MARC
- Van Linden, Philip
di Personal Name
Records bibliografici associati: 1
001 - CONTROL NUMBER
- control field: 61691
003 - CONTROL NUMBER IDENTIFIER
- control field:
005 - DATE AND TIME OF LATEST TRANSACTION
- control field: 20250226101015.0
008 - FIXED-LENGTH DATA ELEMENTS
- fixed length control field: 250226|| aca||aabn | a|a d
040 ## - CATALOGING SOURCE
- Original cataloging agency:
- Transcribing agency:
100 ## - HEADING--PERSONAL NAME
- Personal name: Van Linden, Philip
670 ## - SOURCE DATA FOUND
- Source citation: Work cat.: ()360400: Van Linden, Philip. autore, Vangelo secondo Marco., 1992